Nicknames for Cities - Statistics

General Stats
  • This quiz has been taken 48 times
  • The average score is 3 of 14
Answer Stats
Hint Answer % Correct
City of Angels Los Angeles
100%
The Holy City Jerusalem
60%
The Big Easy New Orleans
53%
The Lion City Singapore
33%
The Pearl of the Adriatic Dubrovnik
29%
Auld Reekie Edinburgh
29%
The Emerald City Seattle
16%
The End of the World Ushuaia
9%
Little Paris Bucharest
7%
The Mother of the World Cairo
4%
Muddy York Toronto
4%
City of the Kings Lima
2%
Tiger Town Oslo
2%
Little Vienna Zagreb
0%
No matching quizzes found
Score Distribution
Percent of People with Each Score
Percentile by Number Answered
Your Score History
You have not taken this quiz